Color mixing recipes for portraits : (Record no. 19298)

MARC details
000 -LEADER
fixed length control field 01200cam a2200349 i 4500
001 - CONTROL NUMBER
control field 14846262
003 - CONTROL NUMBER IDENTIFIER
control field EG-ScBUE
005 - DATE AND TIME OF LATEST TRANSACTION
control field 20230110100709.0
008 - FIXED-LENGTH DATA ELEMENTS--GENERAL INFORMATION
fixed length control field 070510t2006 caua f 001 0 eng d
020 ## - INTERNATIONAL STANDARD BOOK NUMBER
International Standard Book Number 1560109904
020 ## - INTERNATIONAL STANDARD BOOK NUMBER
International Standard Book Number 9781560109907
040 ## - CATALOGING SOURCE
Original cataloging agency DLC
Language of cataloging eng
Description conventions rda
Transcribing agency DLC
Modifying agency DLC
-- EG-ScBUE
082 04 - DEWEY DECIMAL CLASSIFICATION NUMBER
Classification number 752
Item number POW
Edition number 22
100 1# - MAIN ENTRY--PERSONAL NAME
Personal name Powell, William F.
Titles and other words associated with a name (Artist)
Relator term author.
9 (RLIN) 37928
245 10 - TITLE STATEMENT
Title Color mixing recipes for portraits :
Remainder of title more than 500 color combinations for skin, eyes. lips, and hair /
Statement of responsibility, etc by William F. Powell.
246 34 - VARYING FORM OF TITLE
Title proper/short title Color mixing recipes for portraits :
Remainder of title oil, acrylic, watercolor
264 #1 - PUBLICATION, DISTRIBUTION, ETC. (IMPRINT)
Place of publication, distribution, etc Irvine, CA :
Name of publisher, distributor, etc Walter Foster Publishing,
Date of publication, distribution, etc [2006]
264 #4 - PUBLICATION, DISTRIBUTION, ETC. (IMPRINT)
Date of publication, distribution, etc c2006
300 ## - PHYSICAL DESCRIPTION
Extent 48 pages :
Other physical details color illustrations ;
Dimensions 25 cm
336 ## - CONTENT TYPE
Source rdacontent
Content type term text
Content type code txt
337 ## - MEDIA TYPE
Source rdamedia
Media type term unmediated
Media type code n
338 ## - CARRIER TYPE
Source rdacarrier
Carrier type term volume
Carrier type code nc
500 ## - GENERAL NOTE
General note Includes index.<br/>
500 ## - GENERAL NOTE
General note Includes color mixing grid.
650 #7 - SUBJECT ADDED ENTRY--TOPICAL TERM
Topical term or geographic name as entry element Color in art.
Source of heading or term BUEsh
9 (RLIN) 37973
650 #7 - SUBJECT ADDED ENTRY--TOPICAL TERM
Topical term or geographic name as entry element Color guides.
Source of heading or term BUEsh
9 (RLIN) 37930
650 #7 - SUBJECT ADDED ENTRY--TOPICAL TERM
Topical term or geographic name as entry element Portrait painting
General subdivision Technique.
Source of heading or term BUEsh
9 (RLIN) 37958
651 ## - SUBJECT ADDED ENTRY--GEOGRAPHIC NAME
Source of heading or term BUEsh
653 ## - INDEX TERM--UNCONTROLLED
Resource For college Communication and mass media
Arrived date list May2015
655 ## - INDEX TERM--GENRE/FORM
Form subdivision Reading book
942 ## - ADDED ENTRY ELEMENTS (KOHA)
Source of classification or shelving scheme Dewey Decimal Classification
Call number prefix 752 POW
Koha item type Book - Borrowing
Holdings
Withdrawn status Lost status Source of classification or shelving scheme Damaged status Not for loan Collection code Home library Current library Shelving location Date acquired Source of acquisition Cost, normal purchase price Serial Enumeration / chronology Total Checkouts Total Renewals Full call number Barcode Checked out Date last seen Date checked out Cost, replacement price Price effective from Koha item type
    Dewey Decimal Classification     Alahram Central Library Central Library Second Floor 06/05/2015   80.00 436 2 5 752 POW 000038160 04/11/2023 02/10/2023 02/10/2023 100.00 06/05/2015 Book - Borrowing